[Event "HUN-chT2 Szechenyi 2122"]
[Site "Hungary"]
[Date "2021.12.19"]
[Round "4.2"]
[White "Lendvai, Edit"]
[Black "Oltean, Gusztav"]
[Result "1/2-1/2"]
[WhiteElo "1956"]
[BlackElo "2061"]
[PlyCount "127"]
[EventDate "2021.10.10"]
[EventType "team-tourn"]
[EventRounds "9"]
[EventCountry "HUN"]
[SourceTitle "EXT 2025"]
[Source "ChessBase"]
[SourceDate "2024.10.14"]
[SourceVersion "1"]
[SourceVersionDate "2024.10.14"]
[SourceQuality "1"]
[WhiteTeam "Arboretum Hereny KSE"]
[BlackTeam "Ezust Huszar"]
[WhiteTeamCountry "HUN"]
[BlackTeamCountry "HUN"]

1. e4 c6 2. d4 d5 3. exd5 cxd5 4. Bd3 Nc6 5. c3 g6 6. Nf3 Bg7 7. 0-0 Nf6 8. h3 Bf5 9. Bf4 0-0 10. Bxf5 gxf5 11. Qc1 e6 12. Bh6 Ne4 13. Bxg7 Kxg7 14. Nbd2 Rc8 15. Qd1 Qf6 16. Nxe4 fxe4 17. Nh2 Qg6 18. Qg4 Qxg4 19. hxg4 f5 20. gxf5 exf5 21. Rae1 b5 22. g3 b4 23. Re2 h5 24. Kg2 bxc3 25. bxc3 Na5 26. Rb1 Nc4 27. Rb7+ Rf7 28. Rxf7+ Kxf7 29. Nf1 Rb8 30. Ne3 Nxe3+ 31. fxe3 Rb1 32. Rc2 a5 33. a4 Ra1 34. c4 Rxa4 35. cxd5 Ke7 36. Kh3 Ra3 37. Rf2 Rxe3 38. Rxf5 a4 39. Rxh5 a3 40. Rh7+ Kd6 41. Ra7 Kxd5 42. Ra4 Rd3 43. Kg4 Rf3 44. Kh4 e3 45. Rxa3 Kxd4 46. Ra4+ Kd3 47. Ra3+ Kd2 48. Ra2+ Ke1 49. g4 Rf2 50. Ra1+ Ke2 51. Kh5 Kf3 52. g5 e2 53. Ra3+ Kf4 54. Ra4+ Kg3 55. Re4 Rh2+ 56. Kg6 Kf3 57. Re8 Rh4 58. Rxe2 Kxe2 59. Kg7 Kf3 60. g6 Kf4 61. Kf7 Kf5 62. g7 Rh7 63. Kf8 Rxg7 64. Kxg7 1/2-1/2

[Event "HUN-chT2 Szechenyi 1819"]
[Site "Hungary"]
[Date "2018.10.28"]
[Round "1.4"]
[White "Zoldi, Zoltan"]
[Black "Lendvai, Edit"]
[Result "1/2-1/2"]
[WhiteElo "2102"]
[BlackElo "1970"]
[PlyCount "92"]
[EventDate "2018.10.28"]
[EventType "team-tourn"]
[EventRounds "9"]
[EventCountry "HUN"]
[SourceTitle "EXT 2021"]
[Source "ChessBase"]
[SourceDate "2020.10.23"]
[SourceVersion "1"]
[SourceVersionDate "2020.10.23"]
[SourceQuality "1"]
[WhiteTeam "Gyor Elektromos"]
[BlackTeam "Arboretum"]
[WhiteTeamCountry "HUN"]
[BlackTeamCountry "HUN"]

1. Nf3 d5 2. g3 Nf6 3. Bg2 e6 4. d4 Be7 5. c4 0-0 6. Nc3 c6 7. 0-0 b6 8. Ne5 Bb7 9. e4 dxc4 10. Nxc4 Nbd7 11. Bf4 Ba6 12. b3 b5 13. Ne3 b4 14. Ne2 Nh5 15. Nc4 Nxf4 16. Nxf4 e5 17. dxe5 Bxc4 18. bxc4 Nxe5 19. Qc2 Qc7 20. Rfd1 Rfd8 21. Nd3 Nxd3 22. Rxd3 Rxd3 23. Qxd3 Rd8 24. Qf3 Rd4 25. e5 Rxc4 26. e6 Bf6 27. Rd1 Rd4 28. Rxd4 Bxd4 29. Qe4 Bc5 30. Qc4 Bf8 31. exf7+ Qxf7 32. Qxc6 Qf6 33. Bd5+ Kh8 34. Qe8 g6 35. Bb3 Kg7 36. Qd7+ Qe7 37. Qd4+ Qf6 38. Qxa7+ Be7 39. Qb7 Qe5 40. h4 Qe1+ 41. Kg2 Qe5 42. Qf3 Qf6 43. Qd5 Qf8 44. h5 Qf5 45. Qg8+ Kh6 46. hxg6 Qe4+ 1/2-1/2

[Event "HUN-chT2 Szechenyi 1718"]
[Site "Hungary"]
[Date "2017.12.03"]
[Round "3.1"]
[White "Lendvai, Edit"]
[Black "Tomasic, Roland"]
[Result "0-1"]
[WhiteElo "1981"]
[BlackElo "2177"]
[PlyCount "82"]
[EventDate "2017.10.29"]
[EventType "team-tourn"]
[EventRounds "9"]
[EventCountry "HUN"]
[SourceTitle "EXT 2021"]
[Source "ChessBase"]
[SourceDate "2020.10.23"]
[SourceVersion "1"]
[SourceVersionDate "2020.10.23"]
[SourceQuality "1"]
[WhiteTeam "Arboretum"]
[BlackTeam "Haladas Szombathely III"]
[WhiteTeamCountry "HUN"]
[BlackTeamCountry "HUN"]

1. e4 c5 2. Nf3 d6 3. d4 cxd4 4. Nxd4 Nf6 5. Nc3 Bd7 6. Be2 Nc6 7. 0-0 g6 8. Be3 Bg7 9. h3 0-0 10. Qd2 a6 11. a4 Rc8 12. Nxc6 Bxc6 13. Bd3 b5 14. axb5 axb5 15. Nxb5 Nxe4 16. Bxe4 Bxe4 17. c3 Qd7 18. Nd4 Qb7 19. f3 Bd5 20. Ra5 Bc4 21. Rfa1 e5 22. Ra7 Qb8 23. Ne2 d5 24. Kh1 Rfe8 25. Ng1 d4 26. Bg5 Qb6 27. Re7 Rxe7 28. Bxe7 d3 29. b4 Qb7 30. Bc5 Ra8 31. Rxa8+ Qxa8 32. Be3 f5 33. h4 e4 34. fxe4 fxe4 35. Nh3 Qa1+ 36. Qc1 Qxc1+ 37. Bxc1 Bxc3 38. Nf2 Bd5 39. b5 Be1 40. Nd1 Bb3 41. Ne3 d2 0-1

[Event "HUN-chT2 Szechenyi 1617"]
[Site "Hungary"]
[Date "2016.11.13"]
[Round "4.2"]
[White "Lendvai, Edit"]
[Black "Egresi, Mate"]
[Result "0-1"]
[WhiteElo "1991"]
[BlackElo "2253"]
[PlyCount "68"]
[EventDate "2016.09.25"]
[EventType "team-tourn"]
[EventRounds "11"]
[EventCountry "HUN"]
[SourceTitle "EXT 2021"]
[Source "ChessBase"]
[SourceDate "2020.10.23"]
[SourceVersion "1"]
[SourceVersionDate "2020.10.23"]
[SourceQuality "1"]
[WhiteTeam "Arboretum"]
[BlackTeam "Ajka Banyasz"]
[WhiteTeamCountry "HUN"]
[BlackTeamCountry "HUN"]

1. e4 c5 2. Nf3 d6 3. d4 cxd4 4. Nxd4 Nf6 5. Nc3 a6 6. a4 Nc6 7. Be2 e5 8. Nf3 Be7 9. 0-0 0-0 10. h3 h6 11. Bc4 Be6 12. Qe2 Nb4 13. Bxe6 fxe6 14. Qc4 d5 15. Qb3 Qd6 16. Re1 d4 17. Nb1 Nd7 18. Na3 Rac8 19. Bd2 Nc6 20. Rad1 Bf6 21. c3 Nc5 22. Qa2 Qb8 23. cxd4 Nxd4 24. Nxd4 exd4 25. b4 Nd3 26. Qxe6+ Kh8 27. Rf1 Be5 28. Be1 Nf4 29. Qg4 Rc6 30. Bd2 Rg6 31. Bxf4 Rxg4 32. Bxe5 Rxg2+ 33. Kxg2 Qxe5 34. f3 Rf6 0-1

[Event "HUN-chT2 Szechenyi 1516"]
[Site "Hungary"]
[Date "2016.04.03"]
[Round "10.2"]
[White "Jonas, Zsolt"]
[Black "Lendvai, Edit"]
[Result "1-0"]
[WhiteElo "2105"]
[BlackElo "2006"]
[PlyCount "105"]
[EventDate "2015.09.13"]
[EventType "team-tourn"]
[EventRounds "11"]
[EventCountry "HUN"]
[SourceTitle "EXT 2017"]
[Source "ChessBase"]
[SourceDate "2016.10.25"]
[SourceVersion "1"]
[SourceVersionDate "2016.10.25"]
[SourceQuality "1"]
[WhiteTeam "Ezust Huszar"]
[BlackTeam "Arboretum"]
[WhiteTeamCountry "HUN"]
[BlackTeamCountry "HUN"]

1. e4 e5 2. c4 Nc6 3. d3 Bc5 4. Nf3 d6 5. Be3 h6 6. Be2 Nf6 7. h3 0-0 8. Nc3 Nh7 9. g4 Bxe3 10. fxe3 Ng5 11. h4 Nxf3+ 12. Bxf3 Be6 13. Qe2 Ne7 14. 0-0-0 c6 15. g5 Kh7 16. Rdg1 Rg8 17. Bg4 Bxg4 18. Qxg4 Qc8 19. Qf3 Qe6 20. Rf1 Raf8 21. Kb1 f5 22. Qh3 Qg6 23. exf5 Rxf5 24. e4 Rxf1+ 25. Rxf1 Rd8 26. Qg3 h5 27. Nd1 Qe6 28. Qf3 Qg4 29. Qxg4 hxg4 30. h5 d5 31. Ne3 g3 32. exd5 Kg8 33. Rg1 cxd5 34. Rxg3 dxc4 35. Nxc4 Nc6 36. Re3 Rd5 37. a4 e4 38. g6 Rxh5 39. Rxe4 Rf5 40. Nd6 Re5 41. Nxb7 Rxe4 42. dxe4 Ne5 43. Nd8 Kf8 44. Ne6+ Kg8 45. Nf4 Kf8 46. Kc2 Ke7 47. Kc3 Kf6 48. b4 Kg5 49. Ne6+ Kxg6 50. Kd4 Nd7 51. e5 Kf7 52. Ng5+ Ke7 53. b5 1-0

[Event "HUN-chT2 Szechenyi 1516"]
[Site "Hungary"]
[Date "2015.09.13"]
[Round "1.1"]
[White "Fendrik, Lajos"]
[Black "Lendvai, Edit"]
[Result "1-0"]
[WhiteElo "2146"]
[BlackElo "2006"]
[PlyCount "77"]
[EventDate "2015.09.13"]
[EventType "team-tourn"]
[EventRounds "11"]
[EventCountry "HUN"]
[SourceTitle "CBM 170 Extra"]
[Source "ChessBase"]
[SourceDate "2016.02.25"]
[SourceVersion "1"]
[SourceVersionDate "2016.02.25"]
[SourceQuality "1"]
[WhiteTeam "Zala Volan"]
[BlackTeam "Arboretum"]
[WhiteTeamCountry "HUN"]
[BlackTeamCountry "HUN"]

1. b3 e5 2. Bb2 Nc6 3. e3 d6 4. Nf3 Nf6 5. Bb5 a6 6. Bxc6+ bxc6 7. d3 g6 8. Nbd2 Bg7 9. Nf1 0-0 10. Ng3 Qe7 11. 0-0 Bb7 12. Nd2 a5 13. a4 Nd5 14. e4 Nf4 15. Ne2 Nxe2+ 16. Qxe2 Rfe8 17. Rae1 d5 18. Nf3 f6 19. Ra1 Qd7 20. Qe1 Qg4 21. h3 Qe6 22. Bc3 dxe4 23. Qxe4 Qd5 24. Rfe1 c5 25. Nd2 f5 26. Qc4 Kf8 27. f3 Qxc4 28. bxc4 Bc6 29. Nb3 e4 30. Bxg7+ Kxg7 31. fxe4 fxe4 32. Nxc5 e3 33. d4 Rab8 34. d5 Ba8 35. Ne6+ Kg8 36. Nxc7 Re4 37. c5 Rc4 38. Rxe3 Rxc5 39. Na6 1-0

[Event "HUN-chT2 Szechenyi 1415"]
[Site "Hungary"]
[Date "2015.04.26"]
[Round "11.1"]
[White "Kislik, Erik Andrew"]
[Black "Lendvai, Edit"]
[Result "1-0"]
[WhiteElo "2353"]
[BlackElo "2032"]
[PlyCount "49"]
[EventDate "2014.09.07"]
[EventType "team-tourn"]
[EventRounds "11"]
[EventCountry "HUN"]
[SourceTitle "EXT 2016"]
[Source "ChessBase"]
[SourceDate "2015.10.08"]
[SourceVersion "1"]
[SourceVersionDate "2015.10.08"]
[SourceQuality "1"]
[WhiteTeam "Ajka Banyasz"]
[BlackTeam "Arboretum"]
[WhiteTeamCountry "HUN"]
[BlackTeamCountry "HUN"]

1. d4 d5 2. c4 e6 3. Nc3 Nf6 4. cxd5 exd5 5. Bg5 Be7 6. e3 0-0 7. Bd3 h6 8. Bh4 c6 9. Qc2 Nh5 10. Bxe7 Qxe7 11. 0-0-0 Nf6 12. Kb1 b5 13. Ka1 Na6 14. Qe2 Rb8 15. Nf3 Qc7 16. Ne5 Bb7 17. g4 Qa5 18. g5 hxg5 19. h4 g6 20. hxg5 Ne4 21. Bxe4 dxe4 22. Nxe4 Kg7 23. Qf3 Qd8 24. Rh7+ Kxh7 25. Qh3+ 1-0

[Event "HUN-chT2 Szechenyi 1314"]
[Site "Hungary"]
[Date "2013.09.22"]
[Round "2.2"]
[White "Lendvai, Edit"]
[Black "Jonas, Zsolt"]
[Result "0-1"]
[WhiteElo "2026"]
[BlackElo "2085"]
[PlyCount "84"]
[EventDate "2013.09.08"]
[EventType "team-tourn"]
[EventRounds "11"]
[EventCountry "HUN"]
[SourceTitle "EXT 2016"]
[Source "ChessBase"]
[SourceDate "2015.10.08"]
[SourceVersion "1"]
[SourceVersionDate "2015.10.08"]
[SourceQuality "1"]
[WhiteTeam "Arboretum"]
[BlackTeam "Veszprem"]
[WhiteTeamCountry "HUN"]
[BlackTeamCountry "HUN"]

1. e4 c5 2. Nf3 a6 3. d4 cxd4 4. Nxd4 Nf6 5. Nc3 e6 6. g3 Be7 7. Bg2 0-0 8. 0-0 Qc7 9. Kh1 Rd8 10. f4 Nc6 11. Be3 Na5 12. g4 Nc4 13. Bc1 d5 14. e5 Nd7 15. Rf3 Nf8 16. g5 Ng6 17. Rh3 Bc5 18. Nce2 Bd7 19. b3 Na5 20. c3 Nc6 21. b4 Be7 22. Ng3 Rac8 23. Nh5 Nxd4 24. Qxd4 Qc4 25. Qd1 Bc6 26. Nf6+ Bxf6 27. gxf6 d4 28. Bxc6 dxc3 29. Qf3 Qxc6 30. Qxc6 Rd1+ 31. Kg2 Rxc6 32. Kf2 Nxf4 33. Rf3 Nd3+ 34. Ke2 Nxe5 35. Rg3 Rh1 36. Rxg7+ Kh8 37. Rg2 Rc4 38. Ke3 Re1+ 39. Kf2 Nd3+ 40. Kf3 Rxc1 41. Rxc1 Nxc1 42. Rg1 Nb3 0-1

[Event "HUN-chT2 Szechenyi 1213"]
[Site "Hungary"]
[Date "2013.02.17"]
[Round "7.1"]
[White "Lendvai, Edit"]
[Black "Ter, Marcell"]
[Result "1/2-1/2"]
[WhiteElo "2027"]
[BlackElo "2154"]
[PlyCount "84"]
[EventDate "2012.09.16"]
[EventType "team-tourn"]
[EventRounds "11"]
[EventCountry "HUN"]
[SourceTitle "EXT 2014"]
[Source "ChessBase"]
[SourceDate "2013.11.20"]
[SourceVersion "1"]
[SourceVersionDate "2013.11.20"]
[SourceQuality "1"]
[WhiteTeam "Arboretum"]
[BlackTeam "Zalaegerszeg Bagi"]
[WhiteTeamCountry "HUN"]
[BlackTeamCountry "HUN"]

1. e4 e5 2. Nf3 Nc6 3. Bc4 Bc5 4. c3 Nf6 5. d3 d6 6. b4 Bb6 7. a4 a5 8. b5 Ne7 9. Qb3 0-0 10. 0-0 c6 11. bxc6 bxc6 12. Bg5 Rb8 13. Qc2 Ng6 14. Nh4 Nf4 15. Nf3 h6 16. Bxf4 exf4 17. e5 dxe5 18. Nxe5 Qd6 19. d4 Be6 20. Nd2 Bc7 21. Bd3 c5 22. Ne4 Nxe4 23. Bxe4 cxd4 24. Nc6 f5 25. Bf3 d3 26. Qd2 Rbe8 27. Rfe1 Bc4 28. Nd4 g6 29. Bc6 Rxe1+ 30. Rxe1 Bb6 31. Bb5 Qc7 32. Ne6 Bxe6 33. Rxe6 Kg7 34. Rc6 Qd8 35. h3 Rf7 36. Qxd3 Rd7 37. Rxg6+ Kxg6 38. Qxd7 Qxd7 39. Bxd7 Kg5 40. Kf1 f3 41. gxf3 Kf4 42. Ke2 h5 1/2-1/2

[Event "HUN-chT2 Szechenyi 1112"]
[Site "Hungary"]
[Date "2012.05.20"]
[Round "11.2"]
[White "Lendvai, Edit"]
[Black "Plecsko, Zoltan"]
[Result "1/2-1/2"]
[WhiteElo "2039"]
[BlackElo "2063"]
[PlyCount "22"]
[EventDate "2011.09.25"]
[EventType "team-tourn"]
[EventRounds "11"]
[EventCountry "HUN"]
[SourceTitle "EXT 2013"]
[Source "ChessBase"]
[SourceDate "2012.11.22"]
[SourceVersion "1"]
[SourceVersionDate "2012.11.22"]
[SourceQuality "1"]
[WhiteTeam "Arboretum"]
[BlackTeam "Zalaegerszeg"]
[WhiteTeamCountry "HUN"]
[BlackTeamCountry "HUN"]

1. e4 d5 2. exd5 Qxd5 3. Nc3 Qa5 4. d4 Nf6 5. Nf3 Bf5 6. Bd3 e6 7. 0-0 c6 8. Bf4 Nbd7 9. h3 Bb4 10. Qe2 0-0 11. Bd2 Bxd3 1/2-1/2

[Event "HUN-chT2 Szechenyi 1112"]
[Site "Hungary"]
[Date "2011.11.13"]
[Round "3.1"]
[White "Lendvai, Edit"]
[Black "Sardy, Peter"]
[Result "0-1"]
[WhiteElo "2039"]
[BlackElo "2360"]
[PlyCount "60"]
[EventDate "2011.09.25"]
[EventType "team-tourn"]
[EventRounds "11"]
[EventCountry "HUN"]
[SourceTitle "EXT 2013"]
[Source "ChessBase"]
[SourceDate "2012.11.22"]
[SourceVersion "1"]
[SourceVersionDate "2012.11.22"]
[SourceQuality "1"]
[WhiteTeam "Arboretum"]
[BlackTeam "Lovo"]
[WhiteTeamCountry "HUN"]
[BlackTeamCountry "HUN"]

1. e4 c5 2. Nf3 e6 3. d4 cxd4 4. Nxd4 d6 5. Nc3 a6 6. Be2 b5 7. f4 Bb7 8. Bf3 Qc7 9. a3 Nd7 10. 0-0 Ngf6 11. Kh1 Be7 12. Qe1 h6 13. f5 e5 14. Nb3 0-0 15. Qg3 Kh8 16. Qh3 Nc5 17. Nxc5 Qxc5 18. Bxh6 gxh6 19. Qxh6+ Nh7 20. h4 Rg8 21. Bh5 Bf8 22. Qd2 Nf6 23. Bxf7 Rg4 24. Qf2 Qxf2 25. Rxf2 Nxe4 26. Nxe4 Bxe4 27. h5 d5 28. Bg6 Bc5 29. Raf1 Rh4+ 30. Kg1 Rf8 0-1

[Event "HUN-chT2 Szechenyi 1112"]
[Site "Hungary"]
[Date "2011.10.30"]
[Round "2.2"]
[White "Lendvai, Edit"]
[Black "Ruszin, Anna"]
[Result "0-1"]
[WhiteElo "2039"]
[BlackElo "2121"]
[PlyCount "80"]
[EventDate "2011.09.25"]
[EventType "team-tourn"]
[EventRounds "11"]
[EventCountry "HUN"]
[SourceTitle "EXT 2013"]
[Source "ChessBase"]
[SourceDate "2012.11.22"]
[SourceVersion "1"]
[SourceVersionDate "2012.11.22"]
[SourceQuality "1"]
[WhiteTeam "Arboretum"]
[BlackTeam "Zala Volan"]
[WhiteTeamCountry "HUN"]
[BlackTeamCountry "HUN"]

1. e4 c5 2. Nf3 Nc6 3. d4 cxd4 4. Nxd4 Qb6 5. Nb3 Nf6 6. Nc3 e6 7. Be3 Qc7 8. a3 a6 9. Be2 Be7 10. 0-0 0-0 11. Qd2 b5 12. Bf4 d6 13. Rad1 Rd8 14. Qe3 Bb7 15. Qg3 Kh8 16. Rd2 Ne5 17. Qe3 Nc4 18. Bxc4 bxc4 19. Nc1 Qc6 20. Re1 d5 21. exd5 Nxd5 22. Nxd5 Rxd5 23. Rxd5 Qxd5 24. Qg3 Bf6 25. Ne2 Bxb2 26. h3 Qe4 27. c3 Bxc3 28. Rc1 Bb2 29. Nc3 Qc6 30. Rc2 Bxa3 31. Be5 f6 32. Bd4 Rd8 33. Be3 Bd6 34. f4 Bc5 35. Bxc5 Qxc5+ 36. Qf2 Qc6 37. Ne2 Kg8 38. Rb2 Rd7 39. Rb6 Qd5 40. Nc3 Qd3 0-1

[Event "HUN-chT2 Szechenyi 1112"]
[Site "Hungary"]
[Date "2011.09.25"]
[Round "1.2"]
[White "Paksa, Rudolf"]
[Black "Lendvai, Edit"]
[Result "1-0"]
[WhiteElo "2100"]
[BlackElo "2039"]
[PlyCount "67"]
[EventDate "2011.09.25"]
[EventType "team-tourn"]
[EventRounds "11"]
[EventCountry "HUN"]
[SourceTitle "EXT 2013"]
[Source "ChessBase"]
[SourceDate "2012.11.22"]
[SourceVersion "1"]
[SourceVersionDate "2012.11.22"]
[SourceQuality "1"]
[WhiteTeam "Ajka Banyasz"]
[BlackTeam "Arboretum"]
[WhiteTeamCountry "HUN"]
[BlackTeamCountry "HUN"]

1. e4 e5 2. Nf3 Nc6 3. Bb5 a6 4. Ba4 d6 5. 0-0 Bd7 6. c3 Nf6 7. Qe2 Be7 8. Rd1 0-0 9. d4 b5 10. Bb3 Qc8 11. a4 Qb7 12. axb5 axb5 13. Rxa8 Rxa8 14. Bd5 Bg4 15. h3 Bxf3 16. Qxf3 exd4 17. cxd4 Nxd5 18. exd5 Nb4 19. Nc3 Na2 20. Re1 Bf8 21. Ne4 Nxc1 22. Rxc1 Qc8 23. Rc6 Qd7 24. g4 Qe7 25. Kg2 Re8 26. Nc3 Rb8 27. b4 g6 28. Qd3 Bg7 29. Nxb5 Qg5 30. Nc3 Rxb4 31. Rxc7 Qd8 32. Rc6 Rxd4 33. Qa6 Rd2 34. Rc8 1-0

[Event "HUN-chT2 Szechenyi 1011"]
[Site "Hungary"]
[Date "2011.04.17"]
[Round "9.1"]
[White "Lendvai, Edit"]
[Black "Fendrik, Lajos"]
[Result "0-1"]
[WhiteElo "2058"]
[BlackElo "2203"]
[PlyCount "98"]
[EventDate "2010.09.12"]
[EventType "team-tourn"]
[EventRounds "11"]
[EventCountry "HUN"]
[SourceTitle "EXT 2012"]
[Source "ChessBase"]
[SourceDate "2011.11.24"]
[SourceVersion "1"]
[SourceVersionDate "2011.11.24"]
[SourceQuality "1"]
[WhiteTeam "Arboretum"]
[BlackTeam "Zala Volan"]
[WhiteTeamCountry "HUN"]
[BlackTeamCountry "HUN"]

1. e4 d5 2. exd5 Qxd5 3. Nc3 Qd6 4. d4 Nf6 5. Nf3 a6 6. Be2 e6 7. Bg5 Be7 8. Qd2 0-0 9. 0-0 b5 10. Bf4 Qb6 11. a3 Bb7 12. h3 c5 13. dxc5 Bxc5 14. Rad1 Nc6 15. Bg5 Rfd8 16. Qf4 Rxd1 17. Nxd1 Nd5 18. Qg3 Nce7 19. Bd3 Ng6 20. Bxg6 hxg6 21. Nd2 Ne7 22. Nb3 Nf5 23. Qg4 Bf8 24. Be3 Qc7 25. c3 Bd5 26. Nd4 Qb7 27. Nxf5 gxf5 28. Qg3 a5 29. Bd4 Qe7 30. Ne3 Bc6 31. f4 Be4 32. Ra1 Ra6 33. Qf2 Qb7 34. a4 b4 35. cxb4 Bxb4 36. Rc1 Rd6 37. Be5 Rd2 38. Qg3 Bf8 39. Rd1 Qd7 40. Rxd2 Qxd2 41. Bc3 Qd3 42. Kh2 g6 43. Qe1 Bb4 44. Bxb4 axb4 45. Nd1 Qc2 46. Nf2 Bd5 47. a5 Qxb2 48. Qf1 Qa2 49. Qe1 b3 0-1

[Event "HUN-chT2 Szechenyi 1011"]
[Site "Hungary"]
[Date "2011.03.27"]
[Round "7.1"]
[White "Horvath, Imre"]
[Black "Lendvai, Edit"]
[Result "1-0"]
[WhiteElo "2289"]
[BlackElo "2058"]
[PlyCount "79"]
[EventDate "2010.09.12"]
[EventType "team-tourn"]
[EventRounds "11"]
[EventCountry "HUN"]
[SourceTitle "EXT 2012"]
[Source "ChessBase"]
[SourceDate "2011.11.24"]
[SourceVersion "1"]
[SourceVersionDate "2011.11.24"]
[SourceQuality "1"]
[WhiteTeam "Spartacus"]
[BlackTeam "Arboretum"]
[WhiteTeamCountry "HUN"]
[BlackTeamCountry "HUN"]

1. c4 c5 2. Nc3 Nc6 3. g3 g6 4. Bg2 Bg7 5. e3 d6 6. Nge2 Nf6 7. 0-0 0-0 8. a3 Bd7 9. Rb1 Qc8 10. b4 cxb4 11. axb4 Bh3 12. Bxh3 Qxh3 13. Nf4 Qd7 14. d4 Rfd8 15. Nd3 Qh3 16. f3 h5 17. Ne2 e5 18. d5 Ne7 19. e4 Rac8 20. c5 Qd7 21. Be3 Nexd5 22. exd5 Nxd5 23. Bf2 Qf5 24. Ne1 dxc5 25. bxc5 Nf4 26. gxf4 Rxd1 27. Rxd1 exf4 28. Ng2 g5 29. h4 Re8 30. Rd2 f6 31. Rfd1 Bf8 32. hxg5 fxg5 33. Rd5 Qg6 34. Nc3 Bh6 35. Ne4 g4 36. Nh4 Qf7 37. Nd6 Qf8 38. Nxe8 Qxe8 39. Rd8 Kf7 40. R1d7+ 1-0

[Event "HUN-chT2 Szechenyi 1011"]
[Site "Hungary"]
[Date "2010.10.24"]
[Round "4.1"]
[White "Lendvai, Edit"]
[Black "Szabo, Laszlo3"]
[Result "1/2-1/2"]
[WhiteElo "2058"]
[BlackElo "2138"]
[PlyCount "86"]
[EventDate "2010.09.12"]
[EventType "team-tourn"]
[EventRounds "11"]
[EventCountry "HUN"]
[SourceTitle "EXT 2012"]
[Source "ChessBase"]
[SourceDate "2011.11.24"]
[SourceVersion "1"]
[SourceVersionDate "2011.11.24"]
[SourceQuality "1"]
[WhiteTeam "Arboretum"]
[BlackTeam "Tapolca"]
[WhiteTeamCountry "HUN"]
[BlackTeamCountry "HUN"]

1. e4 e5 2. Nf3 Nc6 3. Bc4 Bc5 4. c3 Nf6 5. d3 d6 6. b4 Bb6 7. h3 a6 8. 0-0 0-0 9. Bg5 Be6 10. Nbd2 Kh8 11. Bb3 Qd7 12. Bxf6 gxf6 13. Nh4 Ne7 14. Kh2 f5 15. Qh5 Rg8 16. exf5 Nxf5 17. Nxf5 Bxf5 18. Ne4 Bxe4 19. dxe4 Rg7 20. Qf3 Qe7 21. Rad1 a5 22. b5 a4 23. Bd5 Ra5 24. Rb1 Ra7 25. Qf5 a3 26. Qc8+ Rg8 27. Qf5 Rg7 28. Rb3 Bc5 29. c4 Ra4 30. Rf3 Ra8 31. Bxb7 Rag8 32. g3 Rf8 33. Bd5 Rg5 34. Qf6+ Qxf6 35. Rxf6 Kg7 36. Rf5 Rxf5 37. exf5 Kf6 38. g4 h5 39. Kg3 hxg4 40. hxg4 Rh8 41. Rh1 Rxh1 42. Bxh1 Kg5 43. Bd5 f6 1/2-1/2

[Event "HUN-chT2 Szechenyi 1011"]
[Site "Hungary"]
[Date "2010.09.12"]
[Round "1.1"]
[White "Gruskovnjak, Tomislav"]
[Black "Lendvai, Edit"]
[Result "1-0"]
[WhiteElo "2354"]
[BlackElo "2058"]
[PlyCount "85"]
[EventDate "2010.09.12"]
[EventType "team-tourn"]
[EventRounds "11"]
[EventCountry "HUN"]
[SourceTitle "EXT 2012"]
[Source "ChessBase"]
[SourceDate "2011.11.24"]
[SourceVersion "1"]
[SourceVersionDate "2011.11.24"]
[SourceQuality "1"]
[WhiteTeam "Alsoszolnok"]
[BlackTeam "Arboretum"]
[WhiteTeamCountry "HUN"]
[BlackTeamCountry "HUN"]

1. c4 c5 2. Nf3 Nc6 3. g3 d6 4. Bg2 Nf6 5. d4 Bf5 6. 0-0 Qd7 7. dxc5 dxc5 8. Be3 e5 9. Nc3 Rd8 10. Qa4 Bd6 11. Bg5 Nd4 12. Qxa7 0-0 13. Nxd4 exd4 14. Bxf6 gxf6 15. Nd5 Kg7 16. Qa3 Rfe8 17. e3 Be4 18. Bxe4 Rxe4 19. exd4 Rxd4 20. Rad1 Qg4 21. Ne3 Qe4 22. Qa5 Be7 23. b3 Rxd1 24. Rxd1 Rxd1+ 25. Nxd1 Qe2 26. Ne3 Qd3 27. Qc7 Qb1+ 28. Kg2 Qe4+ 29. Kh3 Kg6 30. Qf4 Qxf4 31. gxf4 f5 32. Nd5 Bd8 33. Kg3 Kh5 34. a3 Bh4+ 35. Kf3 Bd8 36. b4 cxb4 37. axb4 Kh4 38. Kg2 Kg4 39. h3+ Kh5 40. c5 Kg6 41. b5 f6 42. c6 bxc6 43. bxc6 1-0

[Event "HUN-chT2 Szechenyi 0910"]
[Site "Hungary"]
[Date "2009.12.06"]
[Round "3.1"]
[White "Takacs, Balazs"]
[Black "Lendvai, Edit"]
[Result "1/2-1/2"]
[WhiteElo "2333"]
[BlackElo "2088"]
[PlyCount "130"]
[EventDate "2009.11.08"]
[EventType "team-tourn"]
[EventRounds "11"]
[EventCountry "HUN"]
[SourceTitle "EXT 2011"]
[Source "ChessBase"]
[SourceDate "2010.11.26"]
[SourceVersion "1"]
[SourceVersionDate "2010.11.26"]
[SourceQuality "1"]
[WhiteTeam "Kertvaros"]
[BlackTeam "Arboretum"]
[WhiteTeamCountry "HUN"]
[BlackTeamCountry "HUN"]

1. e4 e5 2. Nf3 d6 3. d4 Nd7 4. Bc4 c6 5. 0-0 Be7 6. dxe5 dxe5 7. Qe2 Qc7 8. a4 Nc5 9. b4 Ne6 10. Bb2 f6 11. b5 Nf4 12. Qe3 Be6 13. Bxe6 Nxe6 14. c4 Bc5 15. Qb3 Nh6 16. Nc3 0-0 17. Rad1 Rad8 18. Bc1 Nf7 19. Ne2 Rxd1 20. Qxd1 Rd8 21. Qb3 Nd6 22. Qc2 cxb5 23. axb5 Nxb5 24. Rd1 Nbd4 25. Nexd4 Nxd4 26. Nxd4 Bxd4 27. Be3 Bxe3 28. Rxd8+ Qxd8 29. fxe3 Qc7 30. Qa4 Qc6 31. Qxa7 Qxe4 32. Qc5 Kf7 33. h3 Qc6 34. Qb4 b6 35. Kf2 Qc5 36. Qa4 Qd6 37. Ke2 e4 38. Qb3 Qc5 39. Qa4 Qd6 40. Qb3 Qc5 41. Qa4 Qh5+ 42. Kf2 Qf5+ 43. Ke2 Qe6 44. Qa6 Qc6 45. c5 Qxc5 46. Qb7+ Kg6 47. Qxe4+ Qf5 48. Qe8+ Kh6 49. Qa4 b5 50. Qd4 Qe5 51. Qb6 Qd5 52. Kf2 Qc4 53. g4 Qc2+ 54. Kg3 Qe4 55. Qxb5 Qxe3+ 56. Kg2 Qe4+ 57. Kf2 Qf4+ 58. Kg2 Qd2+ 59. Kf3 Qc3+ 60. Kg2 Qe5 61. Qd3 Qb2+ 62. Kg3 Qe5+ 63. Kg2 Qb2+ 64. Kg3 Qe5+ 65. Kg2 Qb2+ 1/2-1/2

[Event "HUN-chT2 Szechenyi 0809"]
[Site "Hungary"]
[Date "2008.10.26"]
[Round "1.1"]
[White "Lendvai, Edit"]
[Black "Ruszin, Anna"]
[Result "1-0"]
[WhiteElo "2089"]
[BlackElo "2138"]
[PlyCount "83"]
[EventDate "2008.10.26"]
[EventType "tourn"]
[EventRounds "11"]
[EventCountry "HUN"]
[SourceTitle "EXT 2010"]
[Source "ChessBase"]
[SourceDate "2010.11.25"]
[SourceVersion "1"]
[SourceVersionDate "2010.11.25"]
[SourceQuality "1"]
[WhiteTeam "Arboretum"]
[BlackTeam "Zala Volan"]
[WhiteTeamCountry "HUN"]
[BlackTeamCountry "HUN"]

1. e4 c5 2. Nf3 Nc6 3. d4 cxd4 4. Nxd4 e5 5. Nb3 Nf6 6. Bc4 d6 7. Nc3 Be6 8. Bd5 Bxd5 9. exd5 Nb8 10. 0-0 Be7 11. f4 Nbd7 12. Be3 exf4 13. Rxf4 Ne5 14. Nd4 g6 15. h3 Rc8 16. Rf2 0-0 17. Qf1 Re8 18. Rd1 Rxc3 19. bxc3 Ne4 20. Bf4 Nxf2 21. Qxf2 Bf6 22. Rf1 Qd7 23. Bc1 Bg7 24. Ba3 Nc4 25. Bc1 a6 26. Nf3 Bxc3 27. Ng5 Re7 28. Qh4 Nb6 29. Qxh7+ Kf8 30. Qxg6 Bd4+ 31. Kh1 f6 32. Ne6+ Rxe6 33. dxe6 Qxe6 34. Bh6+ Ke7 35. Qh7+ Qf7 36. Qe4+ Be5 37. Qxb7+ Nd7 38. Qxa6 Qg6 39. Bf4 Qxc2 40. Bxe5 fxe5 41. Qa3 e4 42. Qb3 1-0